000
00260nam a22001097a 4500
008
170120b xxu||||| |||| 00| 0 eng d
020
_a
9781455756889
041
_a
eng
080
_2
12TH
_a
618.2
245
_a
THE MEDICAL ASSISTANT
_c
PROCTOR. D.B
942
_2
udc
_c
BK
999
_c
3326
_d
3326